Storia della linguistica.
Αποθηκεύτηκε σε:
| Κύριος συγγραφέας: | |
|---|---|
| Μορφή: | Βιβλίο |
| Γλώσσα: | Αγγλικά |
| Έκδοση: |
Bologna, Italia:
Il Mulino,
1990.
|
| Σειρά: | Strumenti, linguistica e critica letteraria.
|
| Θέματα: | |
| Ετικέτες: |
Προσθήκη ετικέτας
Δεν υπάρχουν, Καταχωρήστε ετικέτα πρώτοι!
|
MARC
| LEADER | 00000nam a22000007a 4500 | ||
|---|---|---|---|
| 003 | CL-VaPUC | ||
| 005 | 20220822114426.0 | ||
| 008 | 220307t1990 ||||| |||| 00| 0 eng d | ||
| 999 | |c 434733 |d 434731 | ||
| 020 | |a 88-15-02483-2 (v.I) | ||
| 020 | |a 88-15-02690-8 (v.II) | ||
| 040 | |c Pontificia Universidad Católica de Valparaíso | ||
| 082 | 7 | |a 410.9 LEP 1990 |2 22 | |
| 100 | |a Lepschy, Giulio C |9 416421 |e autore | ||
| 245 | |a Storia della linguistica. | ||
| 260 | |a Bologna, Italia: |b Il Mulino, |c 1990. | ||
| 300 | |a 2 Volúmenes. | ||
| 490 | |a Strumenti, linguistica e critica letteraria. | ||
| 500 | |a c.1 Volumen I: Donación Familia Prof. Alejandro Guzmán Brito. c.1 Volumen II: Donación Familia Prof. Alejandro Guzmán Brito. | ||
| 583 | |c 20220307 |k Yessy Stephany Diaz Vidal | ||
| 650 | 0 | |a Lingüística |9 265068 |x Historia | |
| 942 | |2 ddc |c BK |n 0 | ||
| 952 | |0 0 |1 0 |2 ddc |4 0 |6 410_900000000000000_LEP_1990 |7 0 |8 C_AGB |9 581733 |a BIBDER |b BIBDER |d 2022-03-07 |e Donación |h v.I |i 5649803 |o 410.9 LEP 1990 |p 5649803 |r 2023-01-25 |t 1 |w 2022-03-07 |y BK_US |k AGB | ||
| 952 | |0 0 |1 0 |2 ddc |4 0 |6 410_900000000000000_LEP_1990 |7 0 |8 C_AGB |9 581805 |a BIBDER |b BIBDER |d 2022-03-10 |e Donación |h v.II |i 5650053 |o 410.9 LEP 1990 |p 5650053 |r 2023-01-25 |t 1 |w 2022-03-10 |y BK_US |k AGB | ||